| 000 | 00626nam a2200229Ia 4500 | ||
|---|---|---|---|
| 003 | OSt | ||
| 005 | 20221007072048.0 | ||
| 006 | a|||||r|||| 00| 0 | ||
| 007 | ta | ||
| 008 | 221006b |||||||| |||| 00| 0 eng d | ||
| 024 | _a16,332 | ||
| 037 | _cTextual | ||
| 040 |
_aFLL _cFLL _beng |
||
| 041 |
_2eng _aeng |
||
| 082 | _aX74:Z2, M2 | ||
| 100 |
_aHorn N. Au. _9690002 |
||
| 245 | 0 |
_aGerman private and commercial law _b An introduction |
|
| 260 |
_aLondon _bOxford university press London _c1982 |
||
| 300 |
_a355p _ccm. |
||
| 942 |
_hX74:Z2, M2 _cTEXL _2CC |
||
| 999 |
_c1145117 _d1145117 |
||